Geboren in Kopenhagen - Statistiken

Allgemein
  • Dieses Quiz wurde 20 mal gespielt
    9 seit der letzten Aktualisierung
  • Das Durchschnittsergebnis liegt bei 11 aus 39
Antwortstatistiken
Hinweis Antwort % Korrekt
König von Dänemark seit 2024 1968 Frederik
89%
Rekordspieler der NFL und früherer Kicker 1960 Morten Andersen
78%
Schauspieler, "Casino Royale" "Hannibal" "Der Rausch" 1965 Mads Mikkelsen
56%
Königin von Dänemark von 1972 bis 2024 1940 Margrethe II.
56%
bedeutender Philosph und Wegbereiter der Existenzphilosophie 1813 Søren Kierkegaard
56%
Physiker und Nobelpreisträger, sein Vater war auch Nobelpreisträger 1922 Aage Niels Bohr
44%
Kronprinz von Dänemark 2005 Christian
44%
Schauspieler, "Sherlock" "House of Cards" 1964 Lars Mikkelsen
44%
Regisseur, "Dancer in the Dark" "Nymphomaniac" 1956 Lars von Trier
44%
Sänger, "7 Years" "Mama Said" 1988 Lukas Graham
44%
Physiker und Nobelpreisträger 1885 Niels Bohr
44%
Sängerin, "I Will Love You Monday (365)" "Geronimo" 1985 Aura Dione
33%
Bildhauer und Erschaffer des Wahrzeichens von Kopenhagen 1876 Edvard Eriksen
33%
früherer Nationalspieler (Ajax) und Fußballmanager (Chelsea, HSV, Eindhoven) 1956 Frank Arnesen
33%
Eines der erfolgreichsten Models der 1990er 1968 Helena Christensen
33%
Schauspieler, bekannt für seine Rolle als Mr. White in den ersten drei James Bond Filmen mit Daniel Craig 1948 Jesper Christensen
33%
Rekordtorschütze der dänischen Nationalmannschaft (Feyenoord, Milan und VfB Stuttgart) 1976 Jon Dahl Tomasson
33%
Nationaltorwart, OGC Nizza (langjähriger Torwart von Leicester City) 1986 Kasper Schmeichel
33%
früherer Skandal-Nationalspieler (Arsenal, Juventus und Wolfsburg), "Lord" 1988 Nicklas Bendtner
33%
Nationalspieler, Tottenham Hotspur 1995 Pierre Emile Höjbjerg
33%
Nationalspieler, RB Leipzig 1994 Yussuf Poulsen
33%
Schriftstellerin, erschuf "Petzi" zusammen mit ihrem Mann 1906 Carla Hansen
22%
Architekt, er wurde durch den Bau des Sydney Opera House berühmt 1918 Jørn Utzon
22%
erfolgreicher Krimiautor, "Carl Mørck"-Reihe 1950 Jussi Adler-Olsen
22%
Regisseur, "Drive" "Pusher" 1970 Nicolas Winding Refn
22%
Comiczeichner, "Petzi" 1900 Vilhelm Hansen
22%
schwedisch-dänische Schauspielerin, "The Rain" "Astrid" 1993 Alba August
11%
Ministerpräsident Dänemarks von 1975 bis 1982 1922 Anker Jörgensen
11%
US-amerikanischer Schauspieler, "Breaking Bad" "Die üblichen Verdächtigen" 1958 Giancarlo Esposito
11%
Gründer der Carlsberg Brauerei 1811 Jacob Christian Jacobsen
11%
Bis zu seinem Tod reichster Mann Dänemarks, baute das Familienunternehmen zur größten Containerschiff-Reederei der Welt aus 1913 Mærsk McKinney Møller
11%
Schauspieler, bekannt als Euron Graufreud aus "Game of Thrones" 1982 Pilou Asbaek
11%
dänischer Nationaldichter der Romantik, er verfasste den Text zu dänischen Nationalhymne "Der er et yndigt land" 1779 Adam Oehlenschläger
0%
Regisseur, "Die Passion der Jungfrau von Orleans" 1889 Carl Theodor Dreyer
0%
Mitgründer von Skype und Kazaa 1976 Janus Friis
0%
Schauspieler, Der Rausch" "Die Jagd" "Adams Äpfel" 1969 Lars Ranthe
0%
Schauspieler und Komiker, "Der Rausch" "Kursk" 1981 Magnus Millang
0%
Regisseur, "Der dunkle Turm" "Die Königin und sein Leibarzt" 1972 Nikolaj Arcel
0%
Oscarpreisträgerin und Regisseurin, "In einer besseren Welt" "Bird Box" 1960 Susanne Bier
0%
Keine übereinstimmenden Quizze gefunden
Verteilung der Resultate
Anzahl Personen mit jedem Resultat
Perzentil nach korrekt beantworteten Fragen
Ihre Resultats-Entwicklung
Sie haben dieses Quiz seit der letzten Aktualisierung nicht gespielt